Widok standardowy
Widok MARC
Pozycja Personal Name
Liczba rekordów, w których użyto hasła: 1
001 - Numer kontrolny
- control field: 41061
003 - Identyfikator numeru kontrolnego
- control field: NUKAT
005 - Data i czas ostatniej modyfikacji
- control field: 20260430140031.0
008 - Dane kontrolne kodowane (40 znaków)
- fixed length control field: 120118n||a|znnaabn |a aaa |c
010 ## - Numer kontrolny Biblioteki Kongresu
- numer kontrolny LC: n 2012061067
024 7# - OTHER STANDARD IDENTIFIER
- Standard number or code: 311332267
- Source of number or code: viaf
024 7# - OTHER STANDARD IDENTIFIER
- Standard number or code: 0000000438900610
- Source of number or code: isni
024 7# - OTHER STANDARD IDENTIFIER
- Standard number or code: Q112495921
- Source of number or code: wikidata
040 ## - Instytucja sporządzająca rekord
- inst. przygot. dane do rek. khw: GD U/ISS
- język haseł przedmiotowych/tezaurus: kaba
- inst. wprow. rek. khw: GD U/ISS
100 1# - Hasło - nazwa osobowa
- nazwa osobowa w formie ujednoliconej: Knoch, Konrad.
670 ## - Źródło informacji
- źródło informacji: Pisma liberalne II obiegu w Polsce w latach 1979-1990 / Konrad Knoch. - Gdańsk, 2011.
675 ## - Źródło nie podające informacji
- wskazanie źródła: BNPol online, 19.01.12